Hodnotenie systému riadenia v podniku bakalárska práca

Guardado en:
Detalles Bibliográficos
Autor principal: Rodák, Róbert
Autor Corporativo: Podnikovohospodárska fakulta EU so sídlom v Košiciach. Katedra manažmentu
Otros Autores: Mizla, Martin, 1955-
Formato: Libro
Lenguaje:eslovaco
Publicado: Košice 2022
Etiquetas: Agregar Etiqueta
Sin Etiquetas, Sea el primero en etiquetar este registro!

MARC

LEADER 00000nbm a2200000 4500
001 0287378
005 20230512082109.4
041 0 |a slo 
044 |a SK 
245 1 0 |a Hodnotenie systému riadenia v podniku  |b bakalárska práca  |c Róbert Rodák ; školiteľ: Martin Mizla 
264 1 |a Košice  |c 2022 
300 |a 59 s. 
100 1 |a Rodák, Róbert 
700 1 |a Mizla, Martin, 1955- 
710 2 |a Podnikovohospodárska fakulta EU so sídlom v Košiciach. Katedra manažmentu